00835nam a2200241 a 450000100060000000300090000600800410001502000180005604000280007404100080010208200160011010000340012624501360016025000110029626000590030730000110036650000480037765000430042565000440046865000270051265000320053965000220057125677CO-ViMGA141112s2004 ck r 000 u spa d a9789587106091 aCO-ViMGAbspacCO-ViMGA aSPA04a340.11 A73d1 aAriza Santamaría, Rosembert10aEl derecho profano : bjusticia indígena, justicia informal y otras maneras de realizar lo justo / cRosembert Ariza Santamaría a1a ed. aBogotá : bUniversidad Externado de Colombia, c2010 a326 p. aIncluye bibliografía citada y consultada.14aADMINISTRACION DE JUSTICIA - COLOMBIA 14aINDIGENAS DE COLOMBIA - SITUACION LEGAL14aJUSTICIA DISTRIBUTIVA 14aJUSTICIA SOCIAL - COLOMBIA 14aREFORMA JUDICIAL